Bright's practical book of reasoning: (Record no. 22567)
[ view plain ]
| 000 -LEADER | |
|---|---|
| fixed length control field | 00902nam a22002297a 4500 |
| 008 - FIXED-LENGTH DATA ELEMENTS--GENERAL INFORMATION | |
| fixed length control field | 090129t xxu||||| |||| 00| 0 eng d |
| 010 ## - LCCN (DPL NO) | |
| LC control number | ENG-92671 |
| 020 ## - INTERNATIONAL STANDARD BOOK NUMBER | |
| Terms of availability | 120.00 |
| International Standard Book Number | 8171990266 |
| 035 ## - SYSTEM CONTROL NUMBER | |
| System control number | EN-76204 |
| 037 ## - SOURCE OF ACQUISITION | |
| Source of stock number/acquisition | DBAD / PUB |
| 040 ## - CATALOGING SOURCE | |
| Original cataloging agency | dpl |
| Language of cataloging | English |
| 082 ## - DEWEY DECIMAL CLASSIFICATION NUMBER | |
| Classification number | 000 |
| 100 ## - MAIN ENTRY--PERSONAL NAME | |
| Personal name | Malhotra, A.M. |
| 245 ## - TITLE STATEMENT | |
| Title | Bright's practical book of reasoning: |
| Statement of responsibility, etc | by A.M. Malhotra and P.S. Bright |
| Remainder of title | (verbal and non-verbal tests for bank clerical & clerks' grade, RRB, LIC, ETC, examinations / |
| 250 ## - EDITION STATEMENT | |
| Edition statement | 5th thoroughly rev. & enl. ed. |
| 260 ## - PUBLICATION, DISTRIBUTION, ETC. (IMPRINT) | |
| Place of publication, distribution, etc | Delhi |
| Name of publisher, distributor, etc | Bright Careers |
| Date of publication, distribution, etc | (200?) |
| 270 ## - ADDRESS | |
| Address | 1525, Nai Sarak, |
| City | Delhi |
| Postal code | 110006 |
| 300 ## - PHYSICAL DESCRIPTION | |
| Extent | viii, 260p. |
| Dimensions | 28cm (pbk) |
| 700 ## - ADDED ENTRY--PERSONAL NAME | |
| Personal name | Pritam Singh Bright |
| 942 ## - ADDED ENTRY ELEMENTS (KOHA) | |
| Source of classification or shelving scheme | Dewey Decimal Classification |
| Item type | English Books |
| Call number suffix | MAL |
| Classification part | 000 |
| Withdrawn status | Lost status | Source of classification or shelving scheme | Damaged status | Not for loan | Collection code | Home library | Current library | Date acquired | Source of acquisition | Cost, normal purchase price | Total Checkouts | Full call number | Barcode | Date last seen | Copy number | Cost, replacement price | Koha item type |
|---|---|---|---|---|---|---|---|---|---|---|---|---|---|---|---|---|---|
| Dewey Decimal Classification | Not For Loan | Non-fiction | D.B.Act.Division | D.B.Act.Division | 29/01/2009 | DBAD / PUB | 120.00 | 000 MAL | EN-76204 | 29/01/2009 | 1 | 120.00 | English Books |
